[Event "Nahariagun op 21st"]
[Site "Nahariagun"]
[Date "2023.10.23"]
[Round "4"]
[White "Gurung, Rohit"]
[Black "Khangembam, Premchandra"]
[Result "1-0"]
[WhiteElo "1803"]
[BlackElo "1601"]
[PlyCount "91"]
[EventDate "2023.10.21"]
[EventType "swiss"]
[EventRounds "9"]
[EventCountry "IND"]
[SourceTitle "Mega2024 Update 01"]
[Source "Chessbase"]
[SourceDate "2023.11.12"]
[SourceVersion "1"]
[SourceVersionDate "2023.11.12"]
[SourceQuality "1"]

1. e4 c5 2. c3 e6 3. d4 d5 4. exd5 exd5 5. Nf3 Nf6 6. Bd3 Be7 7. h3 Nc6 8. 0-0 0-0 9. Bf4 c4 10. Bc2 Bd6 11. Bxd6 Qxd6 12. Re1 Be6 13. Ne5 g6 14. f4 Rae8 15. Nd2 Nh5 16. Qf3 f5 17. Nxc6 bxc6 18. Re5 Nf6 19. b3 cxb3 20. axb3 Re7 21. b4 Rfe8 22. Nb3 Nd7 23. Ree1 Nb6 24. Bd3 Nc4 25. Qf2 Bf7 26. g3 Ne3 27. Nc5 Kg7 28. Re2 Kf6 29. Rae1 Nc4 30. Bxc4 dxc4 31. Rxe7 Rxe7 32. Re5 Bd5 33. Qe3 Kf7 34. Kf2 Rc7 35. g4 fxg4 36. hxg4 a5 37. bxa5 Qf6 38. g5 Qd6 39. Re8 Ra7 40. a6 Qc7 41. Kg3 Qd6 42. Qe5 Qxe5 43. Rxe5 Ra8 44. Re2 Ra7 45. Rb2 Ke8 46. Rb8+ 1-0